Rosu si negru (Запис номер 490134)
[ съкратено ]
| 000 -Лидер | |
|---|---|
| Контролно поле с фиксирана дължина | nam a22 a 4500 |
| 003 - Код на организацията, давaща контролен номер | |
| Контролно поле | BLK |
| 005 - Дата и час на последна редакция | |
| Контролно поле | 20230328124850.0 |
| 008 - Елементи от данни с фиксирана дължина | |
| fixed length control field | 230324b bu |||||r|||| 00| | bu d |
| 020 ## - Международен стандартен номер на книга ISBN | |
| Международен стандартен номер на книга ISBN | 9786065390454 |
| 040 ## - Източник на каталожния запис | |
| Идентификатор на билиотеката - собственик на записа | BLK |
| 041 ## - Код за език | |
| Код за езика на текст/звукозапис или на отделно заглавие | Румънски |
| Код за езика КДБФ | Други |
| 080 ## - УДК | |
| Текстов определител УДК | Френска литература |
| УДК код - определител по УДК | 821.133.1 |
| УДК определител | -31 |
| УДК - код + определител | 821.133.1-31 |
| 100 1# - Редна дума - Автор | |
| R(LIN) | 25262 |
| Автор | Stendhal |
| 139 ## - Редно поле | |
| Редна дума | Stendhal |
| Авторски знак | Ste - S 82 |
| 245 ## - Сведения за заглавието | |
| Заглавие | Rosu si negru |
| Редно поле (дума) | Stendhal ; trad. de Doru Mares. |
| 260 ## - Област на издателските данни | |
| 9 (RLIN) | 216607 |
| Място на издаване, разпространение и проч. | Bucuresti |
| Име на издателя, разпространителя и проч. | Adevarul |
| Година на издаване | 2009 |
| Издателство - префикс ISBN | 978-606- |
| 300 ## - Физическа характеристика | |
| Страници | 558 p. |
| Размери/Мащаб | 20 cm |
| 380 ## - Жанр | |
| Жанр | Худож. лит. |
| 490 ## - СЕРИИ (Колекции) | |
| 9 (RLIN) | 486986 |
| Име на серия | Biblioteca Adevarul |
| 490 ## - СЕРИИ (Колекции) | |
| 9 (RLIN) | 487022 |
| Име на серия | 100 de opere esentiale |
| №: серия | 47 |
| 500 ## - Общи забележки | |
| Забележка | Ориг. загл.: Le Rouge et le Noir / Stendhal. |
| 700 ## - Други автори (авторска отговорност) | |
| 9 (RLIN) | 487090 |
| Лично име | Mares, Doru |
| Автороска отговорност (Описва отношението между автора и произведението) | trad. |
| 856 ## - Електронен адрес и достъп | |
| Инструкция (цена за достъп) | 0.00 |
| Права за достъп | disable |
| 999 ## - СИСТЕМНИ КОНТРОЛНИ НОМЕРА | |
| Koha biblionumber | 490134 |
| Koha biblioitemnumber | 490134 |
| 942 ## - АРТИКУЛИ | |
| Вид на библиотечния материал | Книги |
| Скрит в OPAC | Не |
| Периодичен библиозапис | Да |
| 944 ## - СЪЗДАВАНЕ И РЕДАКЦИЯ на ЗАПИСА | |
| Създаване/Редакция | Създаване |
| Дата на регистрацията/редакция | 2023-03-24 |
| Служител, извършил регистрацията/редакцията | Кети |
| 999 ## - СИСТЕМНИ КОНТРОЛНИ НОМЕРА | |
| Koha biblioitemnumber | 490134 |
| Код за отписване | Код за изгубен артикул | Източник на класификационната схема | Код за повреда | Коз за рестрикции | Код за отдаване | Артикулен № | Име на библиотеката - собственик | Име на библиотеката, в която се намира в момента | Статус (Текущо местоположение) | Дата на вписване в системата | Местоположение - отдел | Цена в лева | Инвентарен номер | Систематично азбучна сигнатура | Баркод | Цена в евро | Служебен тип на артикула |
|---|---|---|---|---|---|---|---|---|---|---|---|---|---|---|---|---|---|
| Не е изгубен | Universal Decimal Classification | Не е повреден | без рестрикции | заемане за дома | 926215 | Регионална библиотека "Любен Каравелов" Русе | Регионална библиотека "Любен Каравелов" Русе | Заемна - подръчен фонд | 2023-03-31 | Заемна - подръчен фонд | 15.00 | 120000885465 | 821-31/S 82 | 120000885465 | 7.67 | Книги |